[Event "SLO-ch U10"]
[Site "Postojna"]
[Date "2008.02.29"]
[Round "8"]
[White "Terglav, Gasper"]
[Black "Gricnik, Tine"]
[Result "1-0"]
[WhiteElo "1500"]
[BlackElo "1500"]
[PlyCount "127"]
[EventDate "2008.02.24"]
[EventType "swiss"]
[EventRounds "9"]
[EventCountry "SLO"]
[SourceTitle "EXT 2010"]
[Source "ChessBase"]
[SourceDate "2010.11.25"]
[SourceVersion "1"]
[SourceVersionDate "2010.11.25"]
[SourceQuality "1"]

1. e4 e5 2. f4 exf4 3. h4 Nf6 4. Nc3 Bc5 5. Bc4 0-0 6. Nge2 Ng4 7. d4 Be7 8. g3 f3 9. Nf4 f2+ 10. Kf1 d6 11. Be2 Qd7 12. Bxg4 Qxg4 13. Qxg4 Bxg4 14. Ncd5 Bd8 15. Kxf2 c6 16. Ne3 Be6 17. d5 cxd5 18. exd5 Bd7 19. Bd2 Bb6 20. Ke2 Bb5+ 21. Nd3 Nd7 22. c4 Ba6 23. Bb4 Nc5 24. Nxc5 Bxc5 25. Bxc5 dxc5 26. Rad1 b6 27. Kd2 b5 28. cxb5 Bxb5 29. Kc1 Be2 30. Rd2 Bf3 31. Rf1 Be4 32. Rf4 Bg6 33. Rc4 Rfe8 34. Nc2 Bxc2 35. Kxc2 Rac8 36. d6 Red8 37. d7 Rc7 38. b4 Rcxd7 39. Rxd7 Rxd7 40. Rxc5 h6 41. a4 Kh7 42. a5 Rb7 43. a6 Rxb4 44. Rc7 Rb8 45. Rxa7 Kg6 46. Rc7 Ra8 47. a7 f6 48. Kb3 Rd8 49. Kb4 Rd4+ 50. Kc5 Rd8 51. Kb6 Rd6+ 52. Kb7 Rd8 53. a8Q Rxa8 54. Kxa8 f5 55. Kb7 Kf6 56. Kc6 g5 57. hxg5+ Kxg5 58. Kd5 f4 59. Ke4 fxg3 60. Kf3 g2 61. Ra7 Kh4 62. Kxg2 h5 63. Kf3 Kh3 64. Rg7 1-0